000 00835cab a2200241 4500
001 WB2907-40
008 090401t1993 xxu||||| |||| 00| 0 eng d
035 _a(Sirsi) u54624
041 _aeng
245 _aOptilon Ltd v Commission for the New Towns and others
260 _c1993
350 _a0
490 _aEstates Gazette Case Summaries
_v1993 EGCS 17(2) 13/2/93
520 _aORB 22 January 1993, a claim for damages for breaches of quality obligation after practical completion of factory, against the defendant landlord as successor to original landlord was allowed.
650 _aBUILDING DEFECTS
650 _aDAMAGES
650 _aGOOD WORKMANLIKE MANNER
650 _aPRACTICAL COMPLETION
650 _aREMEDIAL WORK
690 _aLANDLORD AND TENANT-BUSINESS TENANCIES
942 _n0
948 _c04/03/1997
999 _c33490
_d33490